[Event "8th Philadelphia Open"]
[Site "Philadelphia"]
[Date "2014.04.19"]
[Round "7.1"]
[White "Oleksienko, Mikhailo"]
[Black "Chirila, Ioan"]
[Result "1/2-1/2"]
[WhiteElo "2618"]
[BlackElo "2520"]
[PlyCount "119"]
[EventDate "2014.04.??"]
[EventType "swiss"]
[EventRounds "9"]
[EventCountry "USA"]
[Source "MonRoi"]
[WhiteClock "0:28:59"]
[BlackClock "0:17:30"]

1. e4 e5 2. Nf3 Nc6 3. Bb5 a6 4. Bxc6 dxc6 5. O-O Qf6 6. d3 Ne7 7. Be3 Ng6 8.
h3 c5 9. Nc3 Bd6 10. Bg5 Qe6 11. Nd2 O-O 12. Nc4 b6 13. Qd2 Bb7 14. f4 exf4 15.
Nxd6 cxd6 16. Bxf4 d5 17. exd5 Bxd5 18. Rae1 Qc6 19. Nxd5 Qxd5 20. Bc7 Rfc8 21.
Bxb6 Rab8 22. Ba5 Rxb2 23. a4 Qd4+ 24. Rf2 Qxa4 25. Bc3 Rb7 26. Qg5 h6 27. Qg3
Re8 28. Ra1 Qc6 29. Qf3 Qxf3 30. Rxf3 Rb6 31. Kf1 f6 32. Rf5 Rc6 33. Ra5 Rec8
34. Rd5 Nf8 35. Bd2 Ne6 36. Be3 R8c7 37. c4 Kf7 38. Kf2 Ke8 39. Kf3 Kf7 40. g4
g5 41. Kg3 Rb7 42. Bxc5 Nxc5 43. Raxc5 Rxc5 44. Rxc5 Rd7 45. d4 Rxd4 46. Rc6 a5
47. Ra6 Rxc4 48. Rxa5 h5 49. gxh5 Rh4 50. Ra7+ Kg8 51. Ra8+ Kg7 52. Ra7+ Kh6
53. Ra6 Rf4 54. h4 Kxh5 55. hxg5 fxg5 56. Ra3 Rb4 57. Rc3 Rg4+ 58. Kh3 Rh4+ 59.
Kg3 Rg4+ 60. Kh3 1/2-1/2

[Event "8th Philadelphia Open"]
[Site "Philadelphia"]
[Date "2014.04.19"]
[Round "7"]
[White "Li, Ethan"]
[Black "Ostrovskiy, Aleksandr"]
[Result "0-1"]
[WhiteElo "2104"]
[BlackElo "2442"]
[PlyCount "60"]
[EventDate "2014.04.??"]
[EventType "swiss"]
[EventRounds "9"]
[EventCountry "USA"]
[Source "MonRoi"]

1. d4 d5 2. c4 c6 3. Nf3 Nf6 4. e3 Bf5 5. Nc3 e6 6. Nh4 Be4 7. f3 Bg6 8. Nxg6
hxg6 9. Qb3 Qc7 10. Bd2 Nbd7 11. O-O-O Be7 12. Kb1 dxc4 13. Bxc4 b5 14. Be2 a6
15. e4 c5 16. e5 c4 17. Qc2 Nd5 18. Nxd5 exd5 19. e6 Nf8 20. exf7+ Kxf7 21. f4
Bf6 22. f5 g5 23. Bf3 Rd8 24. g4 Qb6 25. Be3 b4 26. Ka1 Qa5 27. Qc1 Nd7 28.
Bxg5 Nc5 29. dxc5 b3 30. Qb1 c3 0-1

[Event "8th Philadelphia Open"]
[Site "Philadelphia"]
[Date "2014.04.19"]
[Round "7"]
[White "Fishbein, Alexander"]
[Black "Homa, Seth"]
[Result "1/2-1/2"]
[WhiteElo "2485"]
[BlackElo "2343"]
[PlyCount "106"]
[EventDate "2014.04.??"]
[EventType "swiss"]
[EventRounds "9"]
[EventCountry "USA"]
[Source "MonRoi"]

1. e4 e5 2. Nf3 Nc6 3. Nc3 Nf6 4. Be2 d5 5. exd5 Nxd5 6. O-O Nxc3 7. bxc3 Bd6
8. d4 O-O 9. Rb1 h6 10. Bd3 Re8 11. Re1 exd4 12. cxd4 Rb8 13. h3 Bd7 14. Rxe8+
Qxe8 15. Bd2 b6 16. c4 Qe7 17. Bc3 Re8 18. Qd2 Qf6 19. c5 Bf4 20. Qb2 Bf5 21.
d5 Ne5 22. Bxe5 Bxe5 23. Qb5 Rd8 24. Bxf5 Qxf5 25. Re1 Bf4 26. cxb6 axb6 27.
Nd4 Qxd5 28. Qxd5 Rxd5 29. Nc6 Rd2 30. a4 Rc2 31. Nd8 Kf8 32. g3 Bg5 33. Nb7
Be7 34. Re4 Ke8 35. a5 Kd7 36. Ra4 bxa5 37. Nxa5 Bc5 38. Rf4 f6 39. Rf3 Bb6 40.
Nb3 c5 41. Rd3+ Kc6 42. Rd1 Rc3 43. Nc1 c4 44. Ne2 Rd3 45. Rc1 Kb5 46. Kf1 Bc5
47. Nc3+ Kb4 48. Ne4 Bd4 49. Ke2 Bb2 50. Rb1 Ka3 51. Nd2 Rc3 52. Ne4 Rc1 53.
Rxc1 Bxc1 1/2-1/2

[Event "8th Philadelphia Open"]
[Site "Philadelphia"]
[Date "2014.04.19"]
[Round "7"]
[White "Mulyar, Michael"]
[Black "Hilby, Craig"]
[Result "1/2-1/2"]
[WhiteElo "2430"]
[BlackElo "2181"]
[PlyCount "60"]
[EventDate "2014.04.??"]
[EventType "swiss"]
[EventRounds "9"]
[EventCountry "USA"]
[Source "MonRoi"]

1. d4 Nf6 2. Nf3 e6 3. c4 c5 4. g3 cxd4 5. Nxd4 d5 6. Bg2 e5 7. Nf3 d4 8. O-O
Nc6 9. e3 Be7 10. exd4 exd4 11. Bf4 O-O 12. Ne5 Qb6 13. Qb3 Na5 14. Qxb6 axb6
15. Nd2 Nh5 16. Nb3 Nxb3 17. axb3 Rxa1 18. Rxa1 Nxf4 19. gxf4 g6 20. Rd1 Bc5
21. Bd5 Kg7 22. Kg2 Re8 23. Rd2 f6 24. Nf3 Bb4 25. Rxd4 Re2 26. Re4 Rxb2 27.
Re8 Bg4 28. Rb8 Bxf3+ 29. Bxf3 Bc5 30. Rxb7+ Kh8 1/2-1/2

[Event "8th Philadelphia Open"]
[Site "Philadelphia"]
[Date "2014.04.19"]
[Round "7"]
[White "Shen, Arthur"]
[Black "Checa, Nicolas"]
[Result "1-0"]
[WhiteElo "2353"]
[BlackElo "2054"]
[PlyCount "53"]
[EventDate "2014.04.??"]
[EventType "swiss"]
[EventRounds "9"]
[EventCountry "USA"]
[Source "MonRoi"]

1. Nf3 d5 2. d4 Nf6 3. c4 c6 4. Nc3 a6 5. Ne5 e6 6. Bf4 Nbd7 7. e3 Nxe5 8. Bxe5
Be7 9. Bd3 O-O 10. O-O dxc4 11. Bxc4 b5 12. Bd3 c5 13. dxc5 Bb7 14. Qc2 b4 15.
Bxf6 gxf6 16. Bxh7+ Kh8 17. Be4 Bxe4 18. Nxe4 f5 19. Rfd1 Qa5 20. Nd6 Ra7 21.
e4 Rc7 22. exf5 Bxd6 23. Rxd6 Rxc5 24. Qd2 Rxf5 25. Qh6+ Kg8 26. Rd4 Rg5 27.
Rh4 1-0

[Event "8th Philadelphia Open"]
[Site "Philadelphia"]
[Date "2014.04.19"]
[Round "7"]
[White "Shetty, Atulya"]
[Black "Hughes, John"]
[Result "0-1"]
[WhiteElo "2313"]
[BlackElo "2200"]
[PlyCount "80"]
[EventDate "2014.04.??"]
[EventType "swiss"]
[EventRounds "9"]
[EventCountry "USA"]
[Source "MonRoi"]

1. c4 e5 2. g3 Nc6 3. Nc3 Bc5 4. Bg2 d6 5. d3 a6 6. a3 Nge7 7. b4 Ba7 8. e3 O-O
9. Nge2 Be6 10. Nd5 Rb8 11. O-O Qd7 12. Bb2 b5 13. Qc2 f5 14. Rac1 bxc4 15.
dxc4 Ng6 16. Qa4 Nd4 17. Qd1 Nxe2+ 18. Qxe2 Qf7 19. Nc3 Bxc4 20. Qxc4 Qxc4 21.
Bd5+ Qxd5 22. Nxd5 c5 23. Rfd1 Rf7 24. Bc3 f4 25. bxc5 fxe3 26. fxe3 dxc5 27.
Ba5 Rb3 28. a4 e4 29. Bc7 Rd3 30. Rxd3 exd3 31. Rc3 c4 32. Rxc4 d2 33. Nc3
Bxe3+ 34. Kg2 Rf2+ 35. Kh3 Rf1 36. Re4 Rc1 37. Rxe3 Rxc3 38. Rxc3 d1=Q 39. a5
Qf1+ 40. Kg4 h5+ 0-1

[Event "8th Philadelphia Open"]
[Site "Philadelphia"]
[Date "2014.04.19"]
[Round "7"]
[White "Yanayt, Eugene"]
[Black "Balakrishnan, Praveen"]
[Result "1-0"]
[WhiteElo "2237"]
[BlackElo "2138"]
[PlyCount "93"]
[EventDate "2014.04.??"]
[EventType "swiss"]
[EventRounds "9"]
[EventCountry "USA"]
[Source "MonRoi"]

1. d4 Nf6 2. c4 e6 3. g3 d5 4. Nf3 Be7 5. Bg2 O-O 6. O-O dxc4 7. Qc2 b5 8. a4
b4 9. Ne5 Qxd4 10. Bxa8 Qxe5 11. Bf3 Ba6 12. Bf4 Qa5 13. Nd2 b3 14. Qc1 e5 15.
Be3 Qb4 16. Bxa7 Nbd7 17. Bc6 Bc5 18. Bb5 Bxb5 19. axb5 Bxa7 20. Rxa7 Nb6 21.
Rd1 Qxb5 22. Rxc7 Nfd5 23. Rxc4 Nxc4 24. Qxc4 Qb7 25. Qxb3 Qxb3 26. Nxb3 Nb4
27. Kg2 Rb8 28. Nc5 g6 29. Rd7 Rb5 30. Ne4 h6 31. Rxf7 Kxf7 32. Nd6+ Ke6 33.
Nxb5 e4 34. f3 exf3+ 35. Kxf3 Ke5 36. Nc3 g5 37. Kg4 Kf6 38. e4 Nc6 39. b4 Ne5+
40. Kh5 Kg7 41. b5 Nd7 42. Nd5 Kh7 43. b6 Kg7 44. b7 Kh7 45. e5 Kg7 46. e6 Nb8
47. Nb6 1-0

[Event "8th Philadelphia Open"]
[Site "Philadelphia"]
[Date "2014.04.19"]
[Round "7"]
[White "Hernandez-Camen, Angel"]
[Black "Song, Edward"]
[Result "1/2-1/2"]
[WhiteElo "2070"]
[BlackElo "2239"]
[PlyCount "94"]
[EventDate "2014.04.??"]
[EventType "swiss"]
[EventRounds "9"]
[EventCountry "USA"]
[Source "MonRoi"]

1. Nf3 d5 2. d4 Nf6 3. c4 c6 4. e3 a6 5. Nbd2 b5 6. b3 Bf5 7. Bb2 e6 8. Be2
Nbd7 9. O-O h6 10. Ne5 Nxe5 11. dxe5 Nd7 12. cxd5 cxd5 13. a4 b4 14. Rc1 Bc5
15. Nf3 O-O 16. Nd4 Bh7 17. f4 Qb6 18. Kh1 Qb7 19. Qe1 Rac8 20. Qg3 Bxd4 21.
Bxd4 Bc2 22. Qe1 Rc6 23. Bd1 Rfc8 24. Bxc2 Rxc2 25. Rxc2 Rxc2 26. h3 a5 27. Qh4
Qc8 28. f5 exf5 29. e6 Rc1 30. exf7+ Kxf7 31. Rxc1 Qxc1+ 32. Kh2 Qc7+ 33. Kh1
Qc1+ 34. Kh2 Qc7+ 35. Kh1 Kf8 36. Qh5 Qc1+ 37. Kh2 Qc7+ 38. Kh1 Qc2 39. Qg6
Qd1+ 40. Kh2 Qxb3 41. Qxg7+ Ke8 42. Qxh6 Qxa4 43. Qe6+ Kd8 44. Qxd5 b3 45. h4
Qb4 46. h5 b2 47. Bxb2 Qh4+ 1/2-1/2

[Event "8th Philadelphia Open"]
[Site "Philadelphia"]
[Date "2014.04.19"]
[Round "7"]
[White "Elezi, Luan"]
[Black "Most, Eric"]
[Result "1-0"]
[WhiteElo "2058"]
[BlackElo "2161"]
[PlyCount "109"]
[EventDate "2014.04.??"]
[EventType "swiss"]
[EventRounds "9"]
[EventCountry "USA"]
[Source "MonRoi"]

1. d4 Nf6 2. c4 g6 3. Nc3 Bg7 4. e4 d6 5. Be2 O-O 6. Be3 Nbd7 7. h4 h5 8. g4
hxg4 9. Bxg4 Nxg4 10. Qxg4 Nf6 11. Qg2 Nh5 12. Nge2 e5 13. O-O-O exd4 14. Nxd4
c6 15. Nde2 Qf6 16. Kb1 Qe5 17. Bd4 Qe6 18. Bxg7 Kxg7 19. Ng3 Rh8 20. Nf5+ Kh7
21. Rxd6 Qe5 22. Rhd1 Bxf5 23. exf5 Qxf5+ 24. Ka1 Rhe8 25. Rd7 Rab8 26. a3 Kg7
27. R7d4 Re5 28. Ne4 c5 29. Nd6 Qf6 30. R4d2 Qxh4 31. Nxf7 Re7 32. Nd6 Rf8 33.
Rh1 Qf4 34. Rdd1 Rf6 35. Rxh5 Rxd6 36. Rdh1 Red7 37. Rh7+ Kf6 38. Rxd7 Rxd7 39.
Qh3 Rd8 40. Re1 Rf8 41. Qh7 Qd6 42. Qxb7 Rf7 43. Qc8 Kg7 44. Rh1 Qf8 45. Qh3
Rxf2 46. Qh7+ Kf6 47. Qxa7 Kg5 48. Qh7 Rf1+ 49. Ka2 Rxh1 50. Qxh1 Qc8 51. a4
Qa6 52. Kb3 Qb6+ 53. Kc2 Qb4 54. b3 Qa3 55. Qc1+ 1-0

[Event "8th Philadelphia Open"]
[Site "Philadelphia"]
[Date "2014.04.19"]
[Round "7"]
[White "Dougherty, Michael"]
[Black "Patil, Anuprita"]
[Result "1/2-1/2"]
[WhiteElo "2131"]
[BlackElo "2060"]
[PlyCount "204"]
[EventDate "2014.04.??"]
[EventType "swiss"]
[EventRounds "9"]
[EventCountry "USA"]
[Source "MonRoi"]

1. d4 Nf6 2. c4 g6 3. Nc3 d5 4. Nf3 Bg7 5. Bf4 c5 6. dxc5 Qa5 7. e3 dxc4 8.
Bxc4 Qxc5 9. Bb3 O-O 10. Rc1 Qa5 11. O-O Nc6 12. h3 Bf5 13. Qe2 e5 14. Bh2 e4
15. Nd2 Ne5 16. Nc4 Nxc4 17. Qxc4 Be6 18. Qa4 Qxa4 19. Bxa4 a6 20. Be5 Rad8 21.
Rfd1 b5 22. Bc2 Rfe8 23. a3 Rxd1+ 24. Rxd1 Bg4 25. hxg4 Rxe5 26. Rd8+ Bf8 27.
Ra8 Nxg4 28. Bxe4 Re6 29. Bb7 b4 30. axb4 Rb6 31. Bd5 Rxb4 32. b3 Rb6 33. Ra7
Rf6 34. Ne4 Rf5 35. Bc4 a5 36. Ng3 Rf6 37. Ne4 Rf5 38. Be2 h5 39. Ng3 Rf6 40.
Bxg4 hxg4 41. Rxa5 Rb6 42. Rg5 Rxb3 43. Rxg4 Bd6 44. Kh2 Bxg3+ 45. Kxg3 Kg7 46.
Ra4 Rb2 47. Ra6 Rc2 48. f4 Rb2 49. Kf3 Rb3 50. g4 Rc3 51. Rd6 Ra3 52. Ke4 Ra4+
53. Rd4 Ra5 54. Kf3 Ra3 55. Re4 Rb3 56. Re5 Ra3 57. g5 Ra4 58. Re4 Ra3 59. Kg4
Ra1 60. Re7 Kf8 61. Rb7 Ra4 62. Rb6 Kg7 63. Rf6 Rb4 64. Rd6 Ra4 65. Rd4 Ra2 66.
Kf3 Ra3 67. Ke4 Ra5 68. Rd5 Ra3 69. Rd3 Ra5 70. Kf3 Ra4 71. e4 Ra5 72. Re3 Rb5
73. Kg4 Rb4 74. e5 Rb6 75. Re4 Ra6 76. Rd4 Kf8 77. Rd8+ Ke7 78. Rb8 Ke6 79. Rd8
Ke7 80. Rd4 Ke6 81. Rd3 Ke7 82. Kf3 Ra4 83. Rd6 Rb4 84. Rf6 Rb3+ 85. Ke4 Rb4+
86. Kd5 Rb5+ 87. Kc4 Ra5 88. Kb4 Rd5 89. Kc4 Ra5 90. Kb3 Rd5 91. Kb4 Rd4+ 92.
Kc5 Ra4 93. Kd5 Ra5+ 94. Ke4 Ra4+ 95. Kf3 Ra3+ 96. Kg4 Re3 97. Ra6 Rb3 98. Rc6
Ra3 99. Rc4 Ke6 100. Rc6+ Ke7 101. Rb6 Rc3 102. Rf6 Re3 1/2-1/2

[Event "8th Philadelphia Open"]
[Site "Philadelphia"]
[Date "2014.04.19"]
[Round "7"]
[White "Mujumdar, Sameer"]
[Black "Yuvarajan, Prathiba"]
[Result "0-1"]
[WhiteElo "2111"]
[BlackElo "2191"]
[PlyCount "62"]
[EventDate "2014.04.??"]
[EventType "swiss"]
[EventRounds "9"]
[EventCountry "USA"]
[Source "MonRoi"]

1. d4 e6 2. c4 f5 3. g3 d5 4. Bg2 c6 5. Nf3 Nf6 6. O-O Bd6 7. b3 Qe7 8. Bb2 O-O
9. Nbd2 Nbd7 10. Ne5 Ne4 11. Nxe4 dxe4 12. f4 exf3 13. Nxf3 e5 14. e3 e4 15.
Nd2 Nf6 16. Qe2 Ng4 17. Bh3 Nh6 18. Qh5 Bd7 19. Rad1 Be8 20. Qe2 Qg5 21. Rde1
Bh5 22. Qf2 Rae8 23. Nb1 Ng4 24. Bxg4 Bxg4 25. Rc1 Bh3 26. Rfe1 f4 27. exf4
Bxf4 28. Rcd1 e3 29. Qe2 Bxg3 30. hxg3 Qxg3+ 31. Kh1 Rf2 0-1

[Event "8th Philadelphia Open"]
[Site "Philadelphia"]
[Date "2014.04.19"]
[Round "7"]
[White "Helfst, Matt"]
[Black "Strenzwilk, Denis"]
[Result "1-0"]
[WhiteElo "1957"]
[BlackElo "1889"]
[PlyCount "163"]
[EventDate "2014.04.??"]
[EventType "swiss"]
[EventRounds "9"]
[EventCountry "USA"]
[Source "MonRoi"]

1. d4 d5 2. c4 e6 3. Nf3 Be7 4. g3 Nf6 5. Bg2 O-O 6. O-O dxc4 7. Ne5 Nc6 8.
Nxc6 bxc6 9. Bxc6 Rb8 10. Bg2 c5 11. dxc5 Qxd1 12. Rxd1 Bxc5 13. e3 e5 14. Bd2
Rxb2 15. Rc1 Bf5 16. Bc3 Rb5 17. a4 Rxb1 18. Raxb1 Bxb1 19. Rxb1 Bd6 20. Rd1
Bc7 21. Bb4 Rb8 22. Bc5 a5 23. Rc1 h6 24. Rxc4 Rb1+ 25. Bf1 Nd5 26. Kg2 g6 27.
Ba7 Rb4 28. Rc5 Bb6 29. Bxb6 Nxb6 30. Rxa5 Nxa4 31. Rxe5 Rb7 32. Ra5 Nc3 33.
Rc5 Ne4 34. Rc2 Kg7 35. Be2 Nf6 36. Rd2 Rc7 37. f3 Re7 38. Kf2 Rc7 39. e4 Re7
40. Rb2 g5 41. Rb5 Nh7 42. Bd3 Nf8 43. Ke3 Rd7 44. f4 gxf4+ 45. gxf4 f6 46. Rb1
Rc7 47. Rg1+ Kh8 48. Rg2 Rg7 49. Rb2 Rg1 50. Bc4 Re1+ 51. Kd4 Rd1+ 52. Kc5 Ng6
53. Rb8+ Kh7 54. Rb7+ Kh8 55. Rf7 Nxf4 56. Rxf6 Nd3+ 57. Bxd3 Rxd3 58. Rxh6+
Kg7 59. Rd6 Rh3 60. Rd2 Kf6 61. Kd6 Kf7 62. e5 Ra3 63. Rf2+ Ke8 64. e6 Ra6+ 65.
Ke5 Ke7 66. Rf7+ Ke8 67. h4 Ra1 68. Rf4 Ke7 69. Rf7+ Ke8 70. Kf6 Rf1+ 71. Kg7
Rg1+ 72. Kh6 Re1 73. Rf6 Ke7 74. Rg6 Re4 75. h5 Re5 76. Rg5 Rxe6+ 77. Kg7 Ke8
78. h6 Re7+ 79. Kg8 Kd7 80. Rg7 Ke6 81. Rxe7+ Kxe7 82. h7 1-0

[Event "8th Philadelphia Open"]
[Site "Philadelphia"]
[Date "2014.04.19"]
[Round "7"]
[White "Lomeli, Ian"]
[Black "Sinha, Sahil"]
[Result "1/2-1/2"]
[WhiteElo "1969"]
[BlackElo "2088"]
[PlyCount "106"]
[EventDate "2014.04.??"]
[EventType "swiss"]
[EventRounds "9"]
[EventCountry "USA"]
[Source "MonRoi"]

1. e4 c5 2. Nf3 g6 3. c3 Bg7 4. d4 cxd4 5. cxd4 d5 6. exd5 Qxd5 7. Nc3 Qa5 8.
h3 Nf6 9. Bc4 O-O 10. O-O Bf5 11. Qe2 Qd8 12. Re1 Nc6 13. Be3 h5 14. a3 Rc8 15.
Rad1 Nd7 16. Ba2 a6 17. d5 Na5 18. Nd4 Nf6 19. Nxf5 gxf5 20. Bd4 b5 21. Qxe7
Qxe7 22. Rxe7 Nc4 23. Bxc4 Rxc4 24. d6 Rd8 25. Bb6 Rd7 26. Ba5 Rc6 27. Bb4 Bf8
28. Rxd7 Nxd7 29. Rd5 Kg7 30. Rxf5 Bxd6 31. Bxd6 Rxd6 32. Rxh5 Kg6 33. Rd5 Rxd5
34. Nxd5 a5 35. b4 axb4 36. axb4 Ne5 37. Nc3 Nc6 38. Nxb5 Nxb4 39. Nd4 Nd5 40.
g3 Kg5 41. Kg2 f6 42. h4+ Kg6 43. Nc2 f5 44. Ne3 Ne7 45. Kf3 Kf6 46. Kg2 Ng6
47. Nc4 Ne7 48. f3 Ng6 49. h5 Ne7 50. Kh3 Kg5 51. g4 Nd5 52. Kg3 fxg4 53. fxg4
Nf6 1/2-1/2

[Event "8th Philadelphia Open"]
[Site "Philadelphia"]
[Date "2014.04.20"]
[Round "8.3"]
[White "Ostrovskiy, Aleksandr"]
[Black "Margvelashvili, Giorgi"]
[Result "0-1"]
[WhiteElo "2442"]
[BlackElo "2546"]
[PlyCount "42"]
[EventDate "2014.04.??"]
[EventType "swiss"]
[EventRounds "9"]
[EventCountry "USA"]
[Source "MonRoi"]
[WhiteClock "0:05:35"]
[BlackClock "0:47:15"]

1. e4 c5 2. Nf3 Nc6 3. Bb5 e6 4. Bxc6 bxc6 5. d3 Ne7 6. Qe2 Ng6 7. h4 Qc7 8.
Nc3 h5 9. e5 f6 10. exf6 gxf6 11. Ne4 Be7 12. c4 d5 13. Nc3 Qb7 14. Qc2 Rb8 15.
b3 e5 16. d4 e4 17. Nxe4 dxe4 18. Qxe4 Kf7 19. Bd2 cxd4 20. Qxd4 Bg4 21. Qc3
Rhd8 0-1

[Event "8th Philadelphia Open"]
[Site "Philadelphia"]
[Date "2014.04.20"]
[Round "8.4"]
[White "Esserman, Marc"]
[Black "Friedel, Joshua"]
[Result "0-1"]
[WhiteElo "2431"]
[BlackElo "2500"]
[PlyCount "60"]
[EventDate "2014.04.??"]
[EventType "swiss"]
[EventRounds "9"]
[EventCountry "USA"]
[Source "MonRoi"]
[WhiteClock "0:00:18"]
[BlackClock "0:39:11"]

1. d4 Nf6 2. c4 e6 3. Nc3 Bb4 4. f3 c5 5. d5 O-O 6. e4 Re8 7. Bd2 a6 8. Kf2 d6
9. a4 exd5 10. cxd5 Nbd7 11. g3 Ne5 12. Kg2 c4 13. Be2 Bd7 14. Nh3 Bc5 15. b3
b5 16. axb5 axb5 17. bxc4 Nxc4 18. Bxc4 Rxa1 19. Qxa1 bxc4 20. Nf2 Qe7 21. Qa6
Rc8 22. Rc1 g5 23. Bxg5 Bxf2 24. f4 Bd4 25. e5 Bxe5 26. fxe5 Qxe5 27. Bf4 Qf5
28. Qxd6 Qh3+ 29. Kg1 Ng4 30. Rc2 Re8 0-1

[Event "8th Philadelphia Open"]
[Site "Philadelphia"]
[Date "2014.04.20"]
[Round "8"]
[White "Mandizha, Farai"]
[Black "Paragua, Mark"]
[Result "0-1"]
[WhiteElo "2385"]
[BlackElo "2495"]
[PlyCount "128"]
[EventDate "2014.04.??"]
[EventType "swiss"]
[EventRounds "9"]
[EventCountry "USA"]
[Source "MonRoi"]

1. d4 Nf6 2. Nc3 d5 3. Bg5 c5 4. Bxf6 gxf6 5. e3 e6 6. Qh5 cxd4 7. exd4 Bb4 8.
Bd3 Nc6 9. Nge2 Bd7 10. O-O f5 11. Nd1 Bd6 12. c3 f4 13. Qh6 Qc7 14. Qf6 Rf8
15. f3 e5 16. Bxh7 Be7 17. Qg7 O-O-O 18. dxe5 Rh8 19. Nd4 Qxe5 20. Qxe5 Nxe5
21. Bc2 Rdg8 22. Nf2 Nc4 23. Nd3 Ne3 24. Rf2 Rh4 25. Re2 Bd6 26. Rae1 Bh3 27.
Rxe3 Rxg2+ 28. Kh1 fxe3 29. f4 Rg8 30. Rxe3 Bg2+ 31. Kg1 Be4+ 32. Rg3 Rgh8 33.
Nf3 Rh3 34. Kf2 Rxh2+ 35. Rg2 Rxg2+ 36. Kxg2 Bxd3 37. Bxd3 Bxf4 38. Bc2 Kc7 39.
Bd3 Kd6 40. b3 Be3 41. Kf1 a5 42. a4 Bc5 43. c4 Re8 44. Nh4 d4 45. Kf2 Ke5 46.
Kf3 Re6 47. Kg4 Kf6 48. Nf5 Re1 49. Kf4 Rd1 50. Be2 Rd2 51. Bf3 d3 52. Ng3 Ke7
53. Ne4 Bd6+ 54. Ke3 Rb2 55. Bd1 Bb4 56. Kxd3 f5 57. Nc3 Bxc3 58. Kxc3 Rh2 59.
c5 Kd7 60. Kc4 Kc7 61. Bf3 Rh3 62. Bd5 f4 63. Kd4 Re3 64. Bc4 Re1 0-1

[Event "8th Philadelphia Open"]
[Site "Philadelphia"]
[Date "2014.04.20"]
[Round "8"]
[White "Panchanathan, Magesh"]
[Black "Xiong, Jeffrey"]
[Result "1-0"]
[WhiteElo "2557"]
[BlackElo "2421"]
[PlyCount "133"]
[EventDate "2014.04.??"]
[EventType "swiss"]
[EventRounds "9"]
[EventCountry "USA"]
[Source "MonRoi"]

1. e4 c5 2. Nf3 d6 3. d4 cxd4 4. Nxd4 Nf6 5. Nc3 a6 6. Be2 e5 7. Nf3 Be7 8. a4
h6 9. Bc4 O-O 10. Be3 Be6 11. Qe2 Qc7 12. Nd2 Nc6 13. O-O Rac8 14. Bb3 Nb4 15.
a5 d5 16. Bb6 Qb8 17. exd5 Nbxd5 18. Nxd5 Nxd5 19. Nf3 Bf6 20. Qe4 Nxb6 21.
Bxe6 fxe6 22. axb6 Rc6 23. Rxa6 Qd6 24. Ra5 Rxb6 25. b3 Rb4 26. Qe2 e4 27. Nd2
Bc3 28. Nb1 Be5 29. g3 Qc7 30. Ra2 Qc6 31. Nd2 Bc3 32. Nc4 b5 33. Nd2 Rd4 34.
Nb1 Bb4 35. c3 Bxc3 36. Nxc3 Qxc3 37. Qxb5 Rb4 38. Qd7 Qf6 39. Re2 Qf5 40. Re3
Rfb8 41. Rb1 Qd5 42. Qc7 Rf8 43. Qc2 Rd4 44. Rb2 Rf3 45. Qc8+ Kh7 46. Rbe2 Rd2
47. Qc4 Rxe3 48. Rxe3 Rd4 49. Qe2 Rd3 50. Qc2 Kg6 51. Kg2 h5 52. h4 Qf5 53. Qe2
Qd5 54. Kh2 Rxb3 55. Rxe4 Kf6 56. Rf4+ Ke7 57. Qc2 Kd6 58. Rf7 Rb7 59. Rf8 Ke7
60. Qc8 Rb1 61. Qe8+ Kd6 62. Qd8+ Kc5 63. Qc7+ Kd4 64. Qf4+ Kd3 65. Qe3+ Kc2
66. Rc8+ Kd1 67. Rc3 1-0

[Event "8th Philadelphia Open"]
[Site "Philadelphia"]
[Date "2014.04.20"]
[Round "8"]
[White "Chandra, Akshat"]
[Black "Dobrov, Vladimir"]
[Result "0-1"]
[WhiteElo "2370"]
[BlackElo "2511"]
[PlyCount "94"]
[EventDate "2014.04.??"]
[EventType "swiss"]
[EventRounds "9"]
[EventCountry "USA"]
[Source "MonRoi"]

1. e4 c5 2. Nf3 d6 3. d4 cxd4 4. Nxd4 Nf6 5. Nc3 a6 6. Be3 e6 7. Be2 Qc7 8. O-O
b5 9. f4 Bb7 10. f5 b4 11. Na4 e5 12. Nb3 Nbd7 13. c3 Bc6 14. Nd2 d5 15. cxb4
Bxb4 16. Rc1 Qb7 17. Nc5 Qa7 18. Kh1 Bxc5 19. Bxc5 Nxc5 20. Qc2 Nfd7 21. b4 Ba4
22. Qc3 Nxe4 23. Nxe4 dxe4 24. Qa3 Nb6 25. f6 Bb5 26. Bxb5+ axb5 27. Qg3 gxf6
28. Qg7 Rf8 29. Qxf6 Nd7 30. Qc6 Qa6 31. Qxe4 Rc8 32. Rcd1 Rc4 33. Qxh7 Qe6 34.
Qd3 f5 35. Qa3 Ke7 36. Qa7 Qc6 37. Rd2 Rc2 38. Rxc2 Qxc2 39. Qb7 Rg8 40. Qd5
Qc4 41. Qf3 Qe4 42. Qf2 Ke6 43. Rd1 f4 44. a4 Nf6 45. axb5 Nd5 46. b6 Ne3 47.
Qa2+ Qc4 0-1

[Event "8th Philadelphia Open"]
[Site "Philadelphia"]
[Date "2014.04.20"]
[Round "8"]
[White "Troff, Kayden"]
[Black "Harmon Vellotti, Luke"]
[Result "1/2-1/2"]
[WhiteElo "2477"]
[BlackElo "2399"]
[PlyCount "124"]
[EventDate "2014.04.??"]
[EventType "swiss"]
[EventRounds "9"]
[EventCountry "USA"]
[Source "MonRoi"]

1. d4 Nf6 2. c4 e6 3. g3 d5 4. Nf3 dxc4 5. Bg2 Be7 6. O-O O-O 7. Qc2 a6 8. Qxc4
b5 9. Qc2 Bb7 10. Bd2 Be4 11. Qc1 Nbd7 12. Ba5 Rc8 13. Nc3 Ba8 14. a4 bxa4 15.
Nxa4 Qe8 16. Qc4 Bd5 17. Qd3 c5 18. dxc5 Nxc5 19. Nxc5 Bxc5 20. Ne5 Bxg2 21.
Kxg2 Qb5 22. Qxb5 axb5 23. Rac1 Rfe8 24. b4 Bf8 25. Nc6 Ne4 26. Rc2 Nd6 27.
Rfc1 Ra8 28. Rc5 Ra6 29. Nd4 Nf5 30. Rc6 Rxc6 31. Nxc6 Rc8 32. e4 Nd6 33. Rc5
f6 34. Nd4 Rxc5 35. bxc5 Nxe4 36. c6 Nd6 37. c7 Nc8 38. Nxe6 Bd6 39. Kf3 Kf7
40. Nd4 b4 41. Ke4 Ke8 42. Kd3 Kd7 43. Kc4 Bxc7 44. Bxc7 Kxc7 45. Ne6+ Kd6 46.
Nxg7 Ke5 47. f4+ Ke4 48. Kxb4 Kf3 49. Nh5 Kg2 50. Nxf6 Kxh2 51. Ne4 Ne7 52. Kc5
h5 53. Kd6 Nf5+ 54. Ke5 Nxg3 55. Nxg3 Kxg3 56. f5 h4 57. f6 h3 58. f7 h2 59.
f8=Q h1=Q 60. Qf4+ Kg2 61. Qe4+ Kh2 62. Qxh1+ Kxh1 1/2-1/2

[Event "8th Philadelphia Open"]
[Site "Philadelphia"]
[Date "2014.04.20"]
[Round "8"]
[White "Sevian, Samuel"]
[Black "Li, Ethan"]
[Result "1-0"]
[WhiteElo "2438"]
[BlackElo "2104"]
[PlyCount "49"]
[EventDate "2014.04.??"]
[EventType "swiss"]
[EventRounds "9"]
[EventCountry "USA"]
[Source "MonRoi"]

1. Nf3 Nf6 2. g3 d5 3. Bg2 e6 4. O-O Be7 5. d3 O-O 6. Nbd2 c5 7. e4 Nc6 8. e5
Nd7 9. Re1 Qc7 10. Qe2 b5 11. Nf1 a5 12. Bf4 a4 13. a3 b4 14. Ne3 Ba6 15. h4
Rfb8 16. Ng5 h6 17. Nxd5 exd5 18. Nxf7 Nb6 19. e6 Qb7 20. Qg4 Kh7 21. h5 Bg5
22. Bxg5 hxg5 23. Qf5+ Kg8 24. h6 gxh6 25. Qf6 1-0

[Event "8th Philadelphia Open"]
[Site "Philadelphia"]
[Date "2014.04.20"]
[Round "8"]
[White "Homa, Seth"]
[Black "Yanayt, Eugene"]
[Result "1-0"]
[WhiteElo "2343"]
[BlackElo "2237"]
[PlyCount "89"]
[EventDate "2014.04.??"]
[EventType "swiss"]
[EventRounds "9"]
[EventCountry "USA"]
[Source "MonRoi"]

1. d4 Nf6 2. Nf3 g6 3. g3 Bg7 4. Bg2 O-O 5. O-O d6 6. a4 Nc6 7. a5 a6 8. d5 Nb8
9. c4 e5 10. Nc3 c5 11. e4 Nbd7 12. Qc2 Rb8 13. Ne1 Ne8 14. Nd3 Qe7 15. Bd2 f5
16. f3 b5 17. axb6 Nxb6 18. b3 h5 19. f4 Nd7 20. Rae1 h4 21. Nd1 hxg3 22. hxg3
Nef6 23. exf5 gxf5 24. Ne3 Nh5 25. Nxf5 Rxf5 26. g4 Qh4 27. gxf5 Ndf6 28. Re3
e4 29. Ne5 dxe5 30. Rh3 Qg4 31. fxe5 Ng3 32. Rxg3 Qxg3 33. Bf4 Qh4 34. exf6
Bxf6 35. Bxb8 Bd4+ 36. Rf2 Bxf5 37. Kf1 Bh7 38. Rf4 Qg5 39. Qe2 Bf5 40. Rxe4
Kh7 41. Be5 Bxe5 42. Rxe5 Qc1+ 43. Kf2 Qf4+ 44. Kg1 Qd4+ 45. Qe3 1-0